MARC

LEADER 00000nam0a2200000 4500
001 67215
005 20231101212314.0
010 |a 5811202792 
035 |a (RuTPU)RU\TPU\book\71577 
090 |a 67215 
100 |a 20040914d2003 m y0rusy50 ca 
101 0 |a rus 
102 |a RU 
105 |a y j 000zy 
200 1 |a Современный русский язык  |e учебное пособие  |f Д. Э. Розенталь, И. Б. Голуб, М. А. Теленкова 
205 |a 5-е изд. испр. 
210 |a Москва  |c Айрис-пресс  |d 2003 
215 |a 448 с. 
451 1 |0 (RuTPU)RU\TPU\book\135076  |y 978-5-8112-2644-3  |t Современный русский язык  |o учебное пособие  |f Д. Э. Розенталь, И. Б. Голуб, М. А. Теленкова  |e 9-е изд.   |c М.  |n Айрис-пресс  |d 2007  |p 448 с.  |a Розенталь, Дитмар Эльяшевич 
451 1 |0 (RuTPU)RU\TPU\book\40821  |y 5-7836-0342-2  |t Современный русский язык  |f Д. Э. Розенталь, И. Б. Голуб, М. А. Теленкова  |c М.  |n Рольф  |d 2002  |n Айрис-Пресс  |p 448 с.  |s А-Я  |a Розенталь, Дитмар Эльяшевич 
606 1 |a Русский язык  |x Учебные руководства и пособия для высшей школы  |2 stltpush  |3 (RuTPU)RU\TPU\subj\26398  |9 50338 
606 1 |a Русский язык  |x Учебные руководства и пособия для высшей школы  |2 stltpush  |3 (RuTPU)RU\TPU\subj\26398  |9 50338 
610 1 |a лексика 
610 1 |a фразеология 
610 1 |a омонимы 
610 1 |a синонимия 
610 1 |a антонимы 
610 1 |a устаревшие слова 
610 1 |a жаргон 
610 1 |a стилистическая окраска 
610 1 |a лексикография 
610 1 |a фонетика 
610 1 |a орфоэпия 
610 1 |a графика 
610 1 |a орфография 
610 1 |a словообразование 
610 1 |a морфология 
610 1 |a существительные 
610 1 |a прилагательные 
610 1 |a числительные 
610 1 |a местоимения 
610 1 |a глаголы 
610 1 |a наречие 
610 1 |a служебные части речи 
610 1 |a синтаксис 
610 1 |a предложения 
610 1 |a простое предложение 
610 1 |a сложное предложение 
610 1 |a пунктуация 
610 1 |a упражнения 
686 |a Ш141.2-923  |v LBC/SL-A  |2 rubbk 
700 1 |a Розенталь  |b Д. Э.  |g Дитмар Эльяшевич 
701 1 |a Голуб  |b И. Б.  |g Ирина Борисовна 
701 1 |a Теленкова  |b М. А.  |g Маргарита Алексеевна 
801 1 |a RU  |b 63413507  |c 20040914  |g PSBO 
801 2 |a RU  |b 63413507  |c 20170324  |g PSBO 
942 |c BK 
959 |a 118/20040908  |d 2  |e 133,65  |f АНЛ:1  |f НФ:1